| 000 | 00492nam a2200181Ia 4500 | ||
|---|---|---|---|
| 999 |
_c9121 _d9121 |
||
| 020 | _a9780415707749 | ||
| 082 | _a304.2082 ROU | ||
| 245 | 0 | _aRoutledge handbook of gender and environment | |
| 260 |
_aLondon _bRoutledge _c2017 |
||
| 300 | _axxii, 519p | ||
| 504 | _aIncludes References & Index | ||
| 650 |
_aGender and environment _zIndia |
||
| 650 |
_aSocial conditions _vWomen |
||
| 650 |
_aEcofeminism _zIndia |
||
| 650 | _aGreen movement | ||
| 700 | _aMacGregor, Sherilyn | ||
| 942 | _cBK | ||